000 00507nam a2200193Ia 4500
005 20250326140223.0
008 250326s9999 xx 000 0 und d
037 _aTextbook
040 _aFMSL
_beng
_cFMSL
041 _aeng
_2eng
084 _aX:513 M0
_qFMSL
100 _aNorris J S
_9741766
245 0 _aAdvertising
_cNorris J S
250 _aEd 2
260 _aVirgnia
_bVirgnia, Prentice-Hall Company
_c1980
300 _a450p
942 _cTB
_hX:513 M0
999 _c1284803
_d1284803